| 000 | 01048nam a22003737a 4500 | ||
|---|---|---|---|
| 005 | 20250829154353.0 | ||
| 008 | 160413b2014 xxu||||| |||| 00| 0 spa d | ||
| 020 | _a9788415544302 | ||
| 041 | _aESP | ||
| 082 | _a658.45 A485d | ||
| 100 |
_aAmar Rodríguez, Víctor Manuel _9543 |
||
| 245 | _aDidáctica y comunicación no verbal | ||
| 260 | _aEspaña | ||
| 260 | _bComunicación Social ediciones y publicaciones | ||
| 260 | _c2014 | ||
| 300 | _a137 páginas | ||
| 490 | _aDirección y Administración de Empresas | ||
| 650 | _aCOMUNICACIÓN CÓMO TÉCNICA | ||
| 650 | _aCOMUNICACIÓN NO VERBAL | ||
| 650 | _aCOMUNICACIÓN SOCIAL | ||
| 650 | _aPARALINGÜÍSTICA | ||
| 650 | _aACUSMÁTICA | ||
| 650 | _aESCUCHA ACTIVA | ||
| 650 | _aDIÁLOGO | ||
| 650 | _aPROXÉMICA | ||
| 650 | _aCOMUNICACIÓN INVISIBLE | ||
| 650 | _aCONDUCTA TÁCTIL | ||
| 650 | _aCONTACTO VISUAL | ||
| 650 | _aESPACIO VISUAL | ||
| 650 | _aAPARIENCIA FÍSICA | ||
| 650 | _aLENGUAJE DEL CUERPO | ||
| 650 | _aEXPRESIÓN FACIAL | ||
| 942 |
_cBK _2ddc |
||
| 999 |
_c7937 _d7937 |
||